01777nam a2200217 a 4500008004100000020001500041041000800056092001900064100002200083245003500105250004800140260003300188300001100221500007100232505096100303590004601264655001701310942001301327999001501340952020401355161216e1987 ag ||||| |||| 00| f spa d a9500403595 aspa c808.8l13sCOO1 aCook, Robin93090 aMédico interno /cRobin Cook a1a ed. 7a reimp.bTraducción Maricel Ford aBuenos Aires:bEmece;c1987. a296 p. aCook, R. (1987). Médico interno. (1a ed.). Buenos Aires : Emece. aRobin Cook, autor del gran best seller Coma, y de tantos otros éxitos, cirujano oftalmólogo y profesor en Haward, conoce como nadie el ambiente en que se desarrolla la medicina. Esta novela absolutamente diferente de sus otros libros, es una crítica apasionante, veraz y constructiva, contra el sistema formativo de las universidades. Es un verdadero llamado a la reflexión escrito con toda la atracción imaginativa que el tema sugiere. Un joven médico en su primer año de internado en un gran hospital. Lleno de dudas y temores, sin experiencia, en un estado constante de agotamiento físico y psíquico, se ve pronto obligado a cargar con responsabilidades para las que no está capacitado, y a tomar rápidas decisiones que afectan vidas humanas. Es una experiencia dura matizada de episodios tragicómicos, que pone a prueba su vocación y sus ideales. Interesará por igual a médicos, pacientes, y a los que se mantienen sanos.  aDonacion Sergio Sarti. Proyecto 4to libro aNovela93091 2ddccLIT c2277d2277 00102ddc40708FICaBFMbBFMcCRd2016-12-16eDonación Sergio Sarti, 2016l13m8o808.8 13 COOp3734r2023-08-30s2023-08-11tEj. 1w2016-12-16yLITzProyecto 4to libro. Donación Sarti, Sergio.